[Event "46th Capablanca Memorial Open B"]
[Site "Havana CUB"]
[Date "2011.05.14"]
[Round "4.12"]
[White "Hernandez Carmenate, Holman"]
[Black "Borges Del Pino, Oliver"]
[Result "0-1"]
[WhiteElo "2152"]
[BlackElo "2209"]
[WhiteFideId "3510069"]
[BlackFideId "3505022"]
[EventDate "2011.05.11"]

1. d4 Nf6 2. Nf3 e6 3. g3 b6 4. Bg2 Bb7 5. O-O Be7 6. c4 c5 7. d5 d6 8. dxe6
fxe6 9. Bh3 e5 10. Ng5 Qc7 11. f3 Qc6 12. Ne6 Rg8 13. Nc3 Na6 14. Ng5 Nc7 15.
Qd3 g6 16. Nge4 d5 17. Nxf6+ Bxf6 18. cxd5 Nxd5 19. Ne4 Be7 20. Bg5 Rd8 21. Bxe7
Kxe7 22. Qc2 h6 23. b3 Kf7 24. Qb2 Ne3 25. Rfe1 Rd4 26. Nf2 Rgd8 27. Qc1 Nf5 28.
e4 Rd2 29. Ng4 Kg7 30. Nxe5 Qd6 31. Qc3 Qd4+ 32. Qxd4 Nxd4 33. Bg2 Nc2 34. Nc4
R2d4 0-1

[Event "46th Capablanca Memorial Open B"]
[Site "Havana CUB"]
[Date "2011.05.14"]
[Round "4.16"]
[White "Garcia Matos, Richard A."]
[Black "Perez Torres, Youset"]
[Result "1-0"]
[WhiteElo "2196"]
[BlackElo "2013"]
[WhiteFideId "3511090"]
[BlackFideId "3506215"]
[EventDate "2011.05.11"]

1. Nf3 Nf6 2. c4 c5 3. Nc3 d6 4. g3 g6 5. Bg2 Bg7 6. O-O O-O 7. d4 cxd4 8. Nxd4
h6 9. b3 a6 10. Bb2 Qc7 11. Rc1 Nbd7 12. Qd2 Ne5 13. h3 Rb8 14. Rfd1 Kh7 15. Nd5
Qd8 16. a4 Bd7 17. f4 Nc6 18. Kh2 Nxd5 19. cxd5 Nxd4 20. Bxd4 Bxd4 21. Qxd4 b5
22. e4 bxa4 23. bxa4 Qa5 24. Rc4 Rfc8 25. Rdc1 Rxc4 26. Rxc4 Rb3 27. Qf2 h5 28.
e5 Ra3 29. exd6 exd6 30. f5 g5 31. Qe2 Qd8 32. Qxh5+ Kg7 33. Rg4 f6 34. Qg6+ Kf8
35. Rxg5 fxg5 36. f6 1-0

[Event "46th Capablanca Memorial Open B"]
[Site "Havana CUB"]
[Date "2011.05.14"]
[Round "4.19"]
[White "Hernandez Noa, Rodney"]
[Black "Fernandez Mayola, Reynold Rafael"]
[Result "1-0"]
[WhiteElo "2282"]
[BlackElo "2131"]
[WhiteFideId "3510360"]
[BlackFideId "3506100"]
[EventDate "2011.05.11"]

1. e4 c5 2. Nf3 e6 3. d4 cxd4 4. Nxd4 Nf6 5. Nc3 Bb4 6. e5 Nd5 7. Bd2 Nxc3 8.
bxc3 Be7 9. Qg4 O-O 10. Bh6 g6 11. h4 Qa5 12. Qg3 d6 13. Nb5 Nc6 14. h5 Nxe5 15.
f4 a6 16. Nd4 Nc6 17. Nb3 Qf5 18. Bd3 Qf6 19. Kd2 Rd8 20. Rh2 e5 21. hxg6 fxg6
22. Rah1 exf4 23. Bxf4 Rf8 24. Bc4+ Be6 25. Bxe6+ Qxe6 26. Rxh7 Qf5 27. Be3 Bf6
28. Nd4 Nxd4 29. Bxd4 Bxd4 30. cxd4 Rae8 31. Qb3+ d5 32. Rh8+ Kf7 33. Qxb7+ Kf6
34. Rxf8+ Rxf8 35. Qxa6+ Kg5 36. Qe2 Rc8 37. Qe7+ Qf6 38. Qxf6+ 1-0

[Event "46th Capablanca Memorial Open B"]
[Site "Havana CUB"]
[Date "2011.05.14"]
[Round "4.20"]
[White "Chacon Beltran, Jose Antonio"]
[Black "Ramos Pineiro, Alexis"]
[Result "0-1"]
[BlackTitle "FM"]
[WhiteElo "2085"]
[BlackElo "2280"]
[WhiteFideId "3501990"]
[BlackFideId "3503135"]
[EventDate "2011.05.11"]

1. d4 c5 2. d5 e5 3. c4 d6 4. g3 g6 5. Nc3 Bg7 6. Bg2 Ne7 7. e4 O-O 8. Nge2 Nd7
9. O-O f5 10. exf5 gxf5 11. f4 Ng6 12. Re1 Kh8 13. Qc2 a6 14. Bd2 Nf6 15. fxe5
dxe5 16. Rad1 Bd7 17. a4 e4 18. b3 Ng4 19. h3 N4e5 20. Rf1 Nd3 21. Be3 Nge5 22.
Na2 Rg8 23. Kh1 Bf6 24. Qd2 Qe7 25. Nac1 Rae8 26. Na2 b5 27. cxb5 axb5 28. axb5
Qd6 29. Nac3 c4 30. Qc2 Rc8 31. Bxe4 fxe4 32. Nxe4 Qxd5 33. Nc3 cxb3 34. Qd2
Rxc3 0-1

[Event "46th Capablanca Memorial Open B"]
[Site "Havana CUB"]
[Date "2011.05.14"]
[Round "4.21"]
[White "Reyes Betancourt,  Ahmed"]
[Black "Espinosa, Rafael"]
[Result "1/2-1/2"]
[WhiteElo "2128"]
[BlackElo "2251"]
[WhiteFideId "3509168"]
[BlackFideId "3502627"]
[EventDate "2011.05.11"]

1. e4 d5 2. exd5 Qxd5 3. Nc3 Qa5 4. d4 c6 5. Bc4 Bf5 6. Nf3 Nf6 7. Bd2 e6 8. Ne5
Nbd7 9. Nxd7 Nxd7 10. Qe2 Bb4 11. O-O O-O 12. a3 Bxc3 13. Bxc3 Qc7 14. Rad1 Nf6
15. Bd3 Rad8 16. Bxf5 exf5 17. Qf3 Qd7 18. b3 Rfe8 19. Bb2 b5 20. c4 bxc4 21.
bxc4 Rb8 22. Ba1 Ne4 23. d5 c5 24. Rb1 f6 25. Qf4 Nd6 26. h3 Rb6 27. Rbe1 Ra6
28. Qg3 Nxc4 29. Qc3 Ra4 30. d6 Nb6 31. Rxe8+ Qxe8 1/2-1/2

[Event "46th Capablanca Memorial Open B"]
[Site "Havana CUB"]
[Date "2011.05.14"]
[Round "4.22"]
[White "Hernandez Copin, Elvis"]
[Black "Fernandez Rodriguez, Angel Luis"]
[Result "1-0"]
[WhiteElo "2244"]
[BlackElo "2116"]
[WhiteFideId "3506258"]
[BlackFideId "3503453"]
[EventDate "2011.05.11"]

1. e4 e6 2. d4 c5 3. Nf3 Qa5+ 4. c3 cxd4 5. Nxd4 a6 6. Be3 Nf6 7. Bd3 Nc6 8. f4
Qb6 9. Qe2 Bc5 10. Nc2 d5 11. Bxc5 Qxc5 12. e5 Nd7 13. Nd2 O-O 14. Qh5 g6 15.
Qh6 f5 16. h4 Rf7 17. h5 Nf8 18. hxg6 Rg7 19. gxh7+ Rxh7 20. Qg5+ Rg7 21. Qh4
Rxg2 22. O-O-O Qf2 23. Qh8+ Kf7 24. Qf6+ Ke8 25. Rh8 Qc5 26. Ne3 Rg3 27. Nec4
dxc4 28. Nxc4 Kd7 29. Rxf8 Kc7 30. Nd6 Nb4 31. Rxc8+ Rxc8 32. Qe7+ Kb6 33. Nxc8+ 1-0

[Event "46th Capablanca Memorial Open B"]
[Site "Havana CUB"]
[Date "2011.05.14"]
[Round "4.25"]
[White "Ibanez Milian, Dagoberto"]
[Black "Chacon Pavon, Joel"]
[Result "0-1"]
[WhiteTitle "FM"]
[WhiteElo "2205"]
[BlackElo "2049"]
[WhiteFideId "3500675"]
[BlackFideId "3504964"]
[EventDate "2011.05.11"]

1. e4 e5 2. Nf3 Nf6 3. Nc3 Bb4 4. Bc4 O-O 5. d3 d5 6. exd5 Nxd5 7. Bd2 Bxc3 8.
bxc3 Nc6 9. O-O Bg4 10. h3 Bh5 11. Re1 f5 12. Rb1 Kh8 13. Bb5 Qd6 14. Bxc6 bxc6
15. c4 e4 16. cxd5 exf3 17. g3 Qxd5 18. Bf4 Rae8 19. Rb7 Re2 20. Rf1 Qxa2 21.
Rxc7 Rxc2 22. Rxa7 Qxa7 23. Qxc2 Qd7 24. Rc1 Rf6 25. Qb3 h6 26. Re1 Kh7 27. Qc3
Re6 28. Be5 f4 29. Kh2 fxg3+ 30. fxg3 Qd5 0-1

[Event "46th Capablanca Memorial Open B"]
[Site "Havana CUB"]
[Date "2011.05.14"]
[Round "4.26"]
[White "Mancebo Marrero, Pedro Ramiro"]
[Black "Lopez Gonzalez, Abel Fabian"]
[Result "0-1"]
[WhiteElo "2205"]
[BlackElo "2049"]
[WhiteFideId "3503879"]
[BlackFideId "3512673"]
[EventDate "2011.05.11"]

1. Nf3 Nf6 2. g3 g6 3. c4 Bg7 4. Nc3 O-O 5. Bg2 d6 6. O-O e5 7. d3 a5 8. Bd2 Re8
9. Qc2 h6 10. a3 c6 11. b4 axb4 12. axb4 Rxa1 13. Rxa1 e4 14. dxe4 Nxe4 15. Ra8
Bf5 16. Nxe4 Bxe4 17. Qc1 Kh7 18. Be3 Qe7 19. Qd2 d5 20. c5 Nd7 21. Ra7 Bxf3 22.
Bxf3 Ne5 23. Bd4 Nxf3+ 24. exf3 Qe1+ 25. Qxe1 Rxe1+ 26. Kg2 Bxd4 0-1

[Event "46th Capablanca Memorial Open B"]
[Site "Havana CUB"]
[Date "2011.05.14"]
[Round "4.28"]
[White "Ordunez Echarte, Dennys"]
[Black "Varela La Madrid, Tilsia Carolin"]
[Result "1-0"]
[WhiteTitle "FM"]
[WhiteElo "2195"]
[BlackElo "2044"]
[WhiteFideId "3512207"]
[BlackFideId "3903001"]
[EventDate "2011.05.11"]

1. e4 e5 2. Nf3 Nc6 3. Bc4 Nf6 4. d3 Be7 5. O-O d6 6. a4 O-O 7. Re1 Bg4 8. Nbd2
Qd7 9. h3 Be6 10. a5 a6 11. c3 h6 12. Qb3 Nh7 13. d4 Bxc4 14. Nxc4 exd4 15. cxd4
Ng5 16. Bxg5 Bxg5 17. Rad1 Rfe8 18. d5 Ne7 19. e5 Qb5 20. Qa2 dxe5 21. Nfxe5
Nxd5 22. Na3 1-0

[Event "46th Capablanca Memorial Open B"]
[Site "Havana CUB"]
[Date "2011.05.14"]
[Round "4.30"]
[White "Charon Mustelier, Manuel"]
[Black "Oliva Meneses, Juan Carlos"]
[Result "1-0"]
[WhiteElo "2167"]
[BlackElo "1996"]
[WhiteFideId "3502023"]
[BlackFideId "3514374"]
[EventDate "2011.05.11"]

1. Nf3 Nf6 2. c4 g6 3. Nc3 Bg7 4. e4 d6 5. d4 O-O 6. Be2 c5 7. O-O cxd4 8. Nxd4
Nc6 9. Nc2 Bd7 10. Be3 Rc8 11. h3 Ne5 12. Na3 Bc6 13. f3 a6 14. Qb3 e6 15. Rfd1
Qc7 16. Rd2 Ned7 17. Qd1 Ne8 18. Rc1 Qb8 19. b4 Ndf6 20. b5 axb5 21. cxb5 Bd7
22. Nc4 Nh5 23. Nb6 Rxc3 24. Rxc3 Bxc3 25. Nxd7 Qd8 26. Nxf8 Bxd2 27. Qxd2 Kxf8
28. a4 Nhf6 29. a5 Nd7 30. a6 1-0

[Event "46th Capablanca Memorial Open B"]
[Site "Havana CUB"]
[Date "2011.05.14"]
[Round "4.32"]
[White "Mencos, Claudia"]
[Black "Hernandez Sotelo, Jose I."]
[Result "1-0"]
[WhiteTitle "WIM"]
[WhiteElo "1972"]
[BlackElo "2140"]
[WhiteFideId "7300573"]
[BlackFideId "3508803"]
[EventDate "2011.05.11"]

1. e4 c5 2. Nf3 e6 3. d4 cxd4 4. Nxd4 Qb6 5. Nb3 Qc7 6. Nc3 a6 7. a4 b6 8. Bd3
Nf6 9. O-O d6 10. Be3 Nbd7 11. f4 Bb7 12. Kh1 Be7 13. Qe1 O-O 14. Qg3 Rfe8 15.
Rae1 d5 16. e5 Ne4 17. Qh3 Nf8 18. Bd4 Bb4 19. Re3 Bxc3 20. bxc3 Bc6 21. g4 Ng6
22. Qh5 h6 23. Rh3 Ne7 24. f5 Ng5 25. f6 Nxh3 26. fxg7 Ng6 27. Qxh6 1-0

[Event "46th Capablanca Memorial Open B"]
[Site "Havana CUB"]
[Date "2011.05.14"]
[Round "4.33"]
[White "Castro, Jose Luis"]
[Black "Granda Rodriguez, Jose Manuel"]
[Result "1-0"]
[WhiteElo "2133"]
[BlackElo "1971"]
[WhiteFideId "3901831"]
[BlackFideId "3502155"]
[EventDate "2011.05.11"]

1. e4 e5 2. Nf3 Nc6 3. Bb5 f5 4. d3 fxe4 5. dxe4 Nf6 6. O-O Bc5 7. Nc3 Nd4 8.
Nxe5 Nxb5 9. Nxb5 d6 10. Nf3 Bb6 11. Bg5 O-O 12. Nc3 c6 13. Qd3 Qe8 14. Rae1 Qg6
15. e5 Nd5 16. Nxd5 cxd5 17. exd6 h6 18. Bh4 Qxd6 19. Be7 1-0

[Event "46th Capablanca Memorial Open B"]
[Site "Havana CUB"]
[Date "2011.05.14"]
[Round "4.36"]
[White "Martin Campos, Beatriz Josefa"]
[Black "Vitier Vazquez, Cristian"]
[Result "0-1"]
[WhiteElo "2020"]
[BlackElo "2158"]
[WhiteFideId "3506495"]
[BlackFideId "3513157"]
[EventDate "2011.05.11"]

1. e4 c5 2. Nf3 d6 3. c3 Nf6 4. Be2 g6 5. O-O Bg7 6. Qc2 O-O 7. d4 cxd4 8. cxd4
Bg4 9. Be3 Nc6 10. Rd1 Rc8 11. Nc3 Na5 12. Qa4 a6 13. e5 Ne8 14. exd6 Nxd6 15.
d5 Nac4 16. Qb4 Bxf3 17. Bxf3 Nxb2 18. Qxb2 Bxc3 19. Qb3 Bxa1 20. Rxa1 Nf5 21.
Bb6 Qd6 22. Rd1 Qf6 23. a4 Qg5 24. Ba5 Rc1 25. Bd2 Qxd2 0-1

[Event "46th Capablanca Memorial Open B"]
[Site "Havana CUB"]
[Date "2011.05.14"]
[Round "4.37"]
[White "Alvarez Leyva, Harold"]
[Black "Palsson, Halldor Peter"]
[Result "1-0"]
[WhiteElo "2131"]
[BlackElo "2032"]
[WhiteFideId "3509893"]
[BlackFideId "2603136"]
[EventDate "2011.05.11"]

1. e4 e6 2. d4 d5 3. Nd2 Nf6 4. e5 Nfd7 5. Bd3 c5 6. c3 Nc6 7. Ne2 cxd4 8. cxd4
f6 9. Nf4 Nxd4 10. Qh5+ Ke7 11. exf6+ Nxf6 12. Ng6+ hxg6 13. Qxh8 Kf7 14. Qh4 e5
15. Nb3 Nxb3 16. axb3 Bf5 17. Bxf5 gxf5 18. O-O Bc5 19. Bg5 Bb6 20. Qh3 g6 21.
Rac1 Qd6 22. Bxf6 Qxf6 23. Rc2 Rh8 24. Qd3 Qd6 25. Rd1 d4 26. Qc4+ Kf6 27. Rcd2
Rd8 28. Rd3 e4 29. Rh3 d3 30. Rh7 Qd5 31. g3 e3 32. Qh4+ g5 33. Qh6+ Ke5 34.
Re7+ Kd4 35. Qf6+ Kc5 36. Re5 1-0

[Event "46th Capablanca Memorial Open B"]
[Site "Havana CUB"]
[Date "2011.05.14"]
[Round "4.38"]
[White "Hernandez, Zaida"]
[Black "De La Torre Morales, Julio D."]
[Result "1-0"]
[WhiteElo "2014"]
[BlackElo "2119"]
[WhiteFideId "3901041"]
[BlackFideId "3506517"]
[EventDate "2011.05.11"]

1. e4 Nf6 2. e5 Nd5 3. c4 Nb6 4. d4 d6 5. exd6 exd6 6. Nf3 Bg4 7. Be2 Be7 8. O-O
O-O 9. Be3 Nc6 10. Qc2 Bf6 11. Nbd2 Re8 12. Bd3 g6 13. a3 Qd7 14. Rfe1 Rad8 15.
h3 Bxf3 16. Nxf3 Re7 17. Re2 Rde8 18. Rae1 Nd8 19. b4 c6 20. h4 Qg4 21. d5 Bxh4
22. Nxh4 Qxh4 23. Bxb6 axb6 24. Rxe7 Rxe7 25. Rxe7 Qxe7 26. Qd2 Qe5 27. Qe3 Qxe3
28. fxe3 Kf8 29. Kf2 Ke7 30. e4 Kf6 31. a4 Ke5 32. Ke3 f6 33. g4 Nf7 34. dxc6
bxc6 35. a5 1-0

[Event "46th Capablanca Memorial Open B"]
[Site "Havana CUB"]
[Date "2011.05.14"]
[Round "4.42"]
[White "Campos Jimenez, Augusto Cesar"]
[Black "Rama Gonzalez, Ricardo"]
[Result "1-0"]
[WhiteElo "1996"]
[BlackElo "2076"]
[WhiteFideId "3517160"]
[BlackFideId "3504360"]
[EventDate "2011.05.11"]

1. e4 Nf6 2. e5 Nd5 3. Nf3 d6 4. Bc4 e6 5. O-O Be7 6. d4 O-O 7. c3 Nc6 8. Qe2
Nb6 9. Bb3 d5 10. Bc2 f5 11. exf6 Bxf6 12. Nbd2 Qe8 13. Ne5 Nxe5 14. dxe5 Bg5
15. Nf3 Bxc1 16. Raxc1 Qh5 17. Rcd1 c5 18. b4 d4 19. bxc5 Nd5 20. Nxd4 Qh6 21.
Qd3 Nf4 22. Qe4 Nd5 23. Rd3 Rf4 24. Qe1 Rh4 25. Nf3 Rh5 26. g3 Bd7 27. c4 Rf8
28. Qd2 g5 29. h4 Nf4 30. Rxd7 gxh4 31. gxh4 1-0

[Event "46th Capablanca Memorial Open B"]
[Site "Havana CUB"]
[Date "2011.05.14"]
[Round "4.43"]
[White "Cierna Rodriguez, Alain"]
[Black "Bravo Navarro, Wilson"]
[Result "1-0"]
[WhiteElo "2068"]
[BlackElo "1955"]
[WhiteFideId "3514250"]
[BlackFideId "3605680"]
[EventDate "2011.05.11"]

1. Nf3 c5 2. c4 Nc6 3. g3 g6 4. Bg2 Bg7 5. Nc3 e6 6. d3 Nge7 7. O-O O-O 8. Bg5
h6 9. Be3 b6 10. Qc1 Kh7 11. Bf4 d5 12. e4 d4 13. Ne2 e5 14. Bd2 f5 15. Nh4 f4
16. gxf4 Ng8 17. Nf3 Bg4 18. h3 Bh5 19. f5 gxf5 20. exf5 e4 21. dxe4 Bxf3 22.
Bxf3 Ne5 23. Bg2 Qh4 24. Bf4 Rad8 25. Bg3 Qe7 26. Nf4 Rfe8 27. Nd5 Qf7 28. f4
Nd3 29. Qd2 Nb4 30. Bh4 Bf6 31. Nxf6+ Nxf6 32. e5 Nh5 33. a3 Na6 34. Qd3 Rg8 35.
Bxd8 Rxd8 1-0

[Event "46th Capablanca Memorial Open B"]
[Site "Havana CUB"]
[Date "2011.05.14"]
[Round "4.47"]
[White "Gonzalez Vega, Alejandro"]
[Black "Isidron Marcelo, Guillermo"]
[Result "1/2-1/2"]
[WhiteTitle "FM"]
[WhiteElo "2218"]
[BlackElo "2090"]
[WhiteFideId "3510042"]
[BlackFideId "3511464"]
[EventDate "2011.05.11"]

1. d4 d6 2. c4 e5 3. d5 g6 4. e4 Bg7 5. Nc3 Ne7 6. Be3 O-O 7. Qd2 f5 8. f3 Nd7
9. O-O-O f4 10. Bf2 Nf6 11. c5 Ne8 12. Bc4 Bd7 13. Nge2 Kh8 14. Kb1 a6 15. Bb3
g5 16. Rc1 Ng6 17. h3 Rf7 18. Ba4 Bxa4 19. Nxa4 Bf8 20. cxd6 Bxd6 21. Nc5 Bxc5
22. Bxc5 Nd6 23. Qc2 Rc8 1/2-1/2

[Event "46th Capablanca Memorial Open B"]
[Site "Havana CUB"]
[Date "2011.05.14"]
[Round "4.48"]
[White "Montilla, Jorcerys"]
[Black "Gabriel Vargas, Carlos"]
[Result "1-0"]
[WhiteElo "1986"]
[BlackElo "2214"]
[WhiteFideId "3900517"]
[BlackFideId "3503046"]
[EventDate "2011.05.11"]

1. d4 d6 2. c4 Nf6 3. Nc3 Nbd7 4. e4 e5 5. Nf3 a6 6. Be2 Be7 7. O-O O-O 8. Ne1
Re8 9. Be3 Bf8 10. d5 Nc5 11. f3 a5 12. a3 Nh5 13. b4 Nd7 14. Nd3 b6 15. Rc1 g6
16. Qb3 Kh8 17. Nb5 f5 18. Qc3 Ndf6 19. exf5 gxf5 20. f4 Bh6 21. Rce1 Ne4 22.
Qb2 Nhf6 23. Bf3 Bg7 24. fxe5 dxe5 25. Nxe5 Rxe5 26. Qxe5 Ng4 27. Qxc7 Qxc7 28.
Nxc7 Nxe3 29. Nxa8 1-0

[Event "46th Capablanca Memorial Open B"]
[Site "Havana CUB"]
[Date "2011.05.14"]
[Round "4.49"]
[White "Brito Valdes, Santiago Jose"]
[Black "Perez De Leon, Roberto"]
[Result "1/2-1/2"]
[WhiteElo "1958"]
[BlackElo "2096"]
[WhiteFideId "3515478"]
[BlackFideId "3512851"]
[EventDate "2011.05.11"]

1. e4 e5 2. Nf3 Nc6 3. Bc4 Bc5 4. O-O Nf6 5. Nc3 O-O 6. d3 h6 7. h3 d6 8. Be3
Bb6 9. Bb3 Be6 10. Re1 Qd7 11. Bxe6 Qxe6 12. Qd2 Bxe3 13. Qxe3 Nb4 1/2-1/2

[Event "46th Capablanca Memorial Open B"]
[Site "Havana CUB"]
[Date "2011.05.14"]
[Round "4.52"]
[White "Rodriguez Caballero, Mayrelis"]
[Black "Bolanos, Cristian"]
[Result "1-0"]
[WhiteElo "2034"]
[BlackElo "1905"]
[WhiteFideId "3514072"]
[BlackFideId "3603075"]
[EventDate "2011.05.11"]

1. e4 e6 2. d4 d5 3. Nc3 Nf6 4. e5 Nfd7 5. Nf3 Be7 6. Bd3 c5 7. dxc5 Nxc5 8. O-O
Nc6 9. Be3 O-O 10. Bxc5 Bxc5 11. a3 f5 12. b4 Bb6 13. Na4 Bc7 14. Re1 Kh8 15.
Qd2 Rg8 16. Ng5 Qe7 17. f4 h6 18. Re3 g6 19. Rh3 Kg7 20. Nf3 Rh8 21. Nc5 Bb6 22.
Kh1 h5 23. Nb3 Bd7 24. c4 dxc4 25. Bxc4 Rad8 26. Nc5 Bxc5 27. bxc5 Bc8 28. Qf2
Na5 29. Ba2 Rd3 30. Nd4 Rxh3 31. gxh3 b6 32. Rc1 bxc5 33. Rxc5 Bb7+ 34. Kg1 Rc8
35. Nxe6+ Kh6 36. Qg3 1-0

[Event "46th Capablanca Memorial Open B"]
[Site "Havana CUB"]
[Date "2011.05.14"]
[Round "4.53"]
[White "Sanchez Ones, Yenis"]
[Black "Gates, David A"]
[Result "0-1"]
[WhiteElo "2010"]
[BlackElo "1706"]
[WhiteFideId "3514099"]
[BlackFideId "415723"]
[EventDate "2011.05.11"]

1. e4 c6 2. d4 d5 3. exd5 cxd5 4. Bd3 Nc6 5. c3 Nf6 6. h3 g6 7. Nf3 Bg7 8. O-O
Qc7 9. Re1 Bf5 10. Na3 Bxd3 11. Qxd3 a6 12. Bd2 Ne4 13. Rac1 Nxd2 14. Qxd2 b5
15. Nc2 O-O 16. Ne3 e6 17. Ng4 Rae8 18. Re2 Re7 19. Rce1 Rfe8 20. Qg5 Rd7 21.
Nfe5 Rdd8 22. h4 Nxe5 23. dxe5 Qe7 24. Nf6+ Bxf6 25. exf6 Qf8 26. h5 h6 27. Qg4
g5 28. f4 Qc5+ 29. Kh1 Qc4 30. Re4 dxe4 31. fxg5 e3 32. Qg3 Kh8 33. g6 Rg8 34.
g7+ Kh7 35. Kg1 e2 36. Kh2 Rd1 37. Kh1 Rgd8 0-1

[Event "46th Capablanca Memorial Open B"]
[Site "Havana CUB"]
[Date "2011.05.14"]
[Round "4.11"]
[White "Diaz Perez, Michel Alejandro"]
[Black "Hernandez Hernandez, Yasmani"]
[Result "1-0"]
[WhiteElo "2240"]
[BlackElo "2158"]
[WhiteFideId "3517179"]
[BlackFideId "3503623"]
[EventDate "2011.05.11"]

1. e4 c5 2. Nf3 d6 3. d4 cxd4 4. Nxd4 Nf6 5. Nc3 a6 6. Be3 e5 7. Nb3 Be6 8. f3
h5 9. Qd2 Nbd7 10. O-O-O Qc7 11. Kb1 Rc8 12. Nd5 Bxd5 13. exd5 Nb6 14. Bxb6 Qxb6
15. Bd3 g6 16. Rhe1 Bh6 17. Qe2 Nxd5 18. Bb5+ Qxb5 19. Qxb5+ axb5 20. Rxd5 Ke7
21. Rxb5 Rc7 22. Rd1 Rd8 23. Na5 Rdd7 24. b3 f5 25. Nc4 Ke6 26. Rbd5 Bf8 27. a4
g5 28. R5d2 g4 29. f4 e4 30. Nb6 Rh7 31. Nd5 Rcg7 32. c4 g3 33. h3 h4 34. b4 Rf7
35. Kc2 Bh6 36. Kb3 Rd7 37. a5 Bf8 38. b5 Bh6 39. Ra2 1-0

[Event "46th Capablanca Memorial Open B"]
[Site "Havana CUB"]
[Date "2011.05.15"]
[Round "5.1"]
[White "De Quesada Pena, Alexei"]
[Black "Gongora Reyes, Liuber"]
[Result "1/2-1/2"]
[BlackTitle "FM"]
[WhiteElo "2234"]
[BlackElo "2277"]
[WhiteFideId "3508730"]
[BlackFideId "3503984"]
[EventDate "2011.05.11"]

1. e4 c5 2. Nf3 d6 3. c3 Nf6 4. Bd3 Nc6 5. Bc2 Bg4 6. h3 Bxf3 7. Qxf3 g6 8. Ba4
Nd7 9. d3 Bg7 10. Nd2 O-O 11. Bxc6 Ne5 12. Qe2 Nxc6 13. h4 b5 14. Nf3 h5 15. Be3
Rc8 16. Ng5 Qd7 17. f3 d5 18. Bxc5 d4 19. Rc1 dxc3 20. Rxc3 Rfd8 21. Rc2 Ne5 22.
d4 Nc4 23. e5 Bxe5 24. dxe5 Rxc5 25. e6 fxe6 26. O-O Re5 27. Ne4 Qc6 28. Qf2 Qb6
29. Qxb6 Nxb6 30. Rc7 Rd7 31. Rxd7 Nxd7 32. Rc1 Nf6 33. Nxf6+ exf6 34. Rc8+ Kg7
35. Rc7+ Kh6 36. Rxa7 Re2 37. b3 g5 38. hxg5+ fxg5 1/2-1/2

[Event "46th Capablanca Memorial Open B"]
[Site "Havana CUB"]
[Date "2011.05.15"]
[Round "5.3"]
[White "Oliva Castaneda, Kevel"]
[Black "Aguilera Rodriguez, Alfredo R."]
[Result "1-0"]
[BlackTitle "FM"]
[WhiteElo "2265"]
[BlackElo "2242"]
[WhiteFideId "3500799"]
[BlackFideId "3512991"]
[EventDate "2011.05.11"]

1. e4 c5 2. Nf3 d6 3. d4 cxd4 4. Nxd4 Nf6 5. Nc3 a6 6. Bc4 e6 7. Bb3 Nc6 8. Be3
Be7 9. f4 O-O 10. Qf3 Qc7 11. O-O Nxd4 12. Bxd4 b5 13. e5 dxe5 14. fxe5 Bb7 15.
exf6 Bxf3 16. fxe7 Qxe7 17. Rxf3 Rad8 18. Be3 f6 19. Ne4 Rfe8 20. Nc5 Rd6 21.
Nd3 Qd7 22. Raf1 a5 23. a4 b4 24. Bc5 Rc6 25. Ne5 Qc7 26. Nxc6 Qxc6 27. Bf2 Kh8
28. Rd3 h6 29. Rfd1 Kh7 30. Rd6 Qc8 31. Be3 e5 32. R6d5 Qg4 33. Re1 f5 34. h3
Qg6 35. Bf2 e4 36. Bd4 Re7 37. Rf1 e3 38. Bc4 Qg3 39. Be2 Re6 40. Kh1 Rg6 41.
Rg1 Rg5 42. Rxa5 Qf2 43. Bd3 Kg8 44. b3 f4 45. Rxg5 hxg5 46. a5 g4 47. a6 gxh3
48. a7 hxg2+ 49. Rxg2 Qf3 50. Kg1 Kf8 51. Be2 Qe4 52. Rg4 Ke7 53. Rxg7+ Kf8 54.
Rg4 Kf7 55. Bc5 Kf6 56. Rg8 f3 57. a8=Q f2+ 58. Kf1 1-0

[Event "46th Capablanca Memorial Open B"]
[Site "Havana CUB"]
[Date "2011.05.15"]
[Round "5.4"]
[White "Ragolta Franco, Eduardo"]
[Black "Perez Perez, Osniel"]
[Result "1-0"]
[WhiteTitle "FM"]
[BlackTitle "FM"]
[WhiteElo "2247"]
[BlackElo "2263"]
[WhiteFideId "3505910"]
[BlackFideId "3503461"]
[EventDate "2011.05.11"]

1. e4 c5 2. Nf3 e6 3. c4 a6 4. Nc3 Nc6 5. d4 cxd4 6. Nxd4 Nf6 7. a3 Qc7 8. Be3
Be7 9. Be2 O-O 10. O-O d6 11. Rc1 Bd7 12. b4 Rac8 13. Nb3 Qb8 14. f4 Bd8 15. c5
d5 16. e5 Ne8 17. Rf3 f6 18. Nxd5 fxe5 19. Nb6 Bxb6 20. Qxd7 Bc7 21. Qxe6+ Kh8
22. Rh3 Nf6 23. Qf5 Ne7 24. Qg5 exf4 25. Bd4 Nc6 26. Bd3 Be5 27. Bf2 g6 28. Qxg6
Qc7 29. Bh4 1-0

[Event "46th Capablanca Memorial Open B"]
[Site "Havana CUB"]
[Date "2011.05.15"]
[Round "5.5"]
[White "Li Torres, Manuel Eugenio"]
[Black "Quesada Chow, Ismael Adan"]
[Result "1/2-1/2"]
[WhiteTitle "FM"]
[WhiteElo "2251"]
[BlackElo "2131"]
[WhiteFideId "3500489"]
[BlackFideId "3509559"]
[EventDate "2011.05.11"]

1. d4 Nf6 2. g3 g6 3. Bg2 Bg7 4. e4 d6 5. Nc3 O-O 6. Nge2 e5 7. h3 Nc6 8. Be3
exd4 9. Nxd4 Nxd4 10. Bxd4 Bd7 11. O-O Re8 12. Re1 1/2-1/2